000 01359cam a2200373 i 4500
001 19428875
003 OSt
005 20240710103323.0
008 170105s2017 enk b 001 0 eng
010 _a 2016058636
020 _a9780415790314
040 _aDLC
_beng
_cDLC
_erda
_dDLC
042 _apcc
050 0 0 _aR724
_b.C36 2017
100 1 _aCampbell, Alastair V.
245 1 0 _aBioethics :
_bthe basics /
_cAlastair V. Campbell.
250 _a2nd ed.
264 1 _aLondon ;
_aNew York :
_bRoutledge, Taylor & Francis Group,
_c2017.
300 _axii, 202 p.
336 _atext
_btxt
_2rdacontent
337 _aunmediated
_bn
_2rdamedia
338 _avolume
_bnc
_2rdacarrier
490 0 _aThe basics
650 0 _aMedical ethics.
650 0 _aMedical ethics
_vExaminations, questions, etc.
650 0 _aBioethics.
650 0 _aBioethics
_vExaminations, questions, etc.
650 0 _aSocial medicine.
650 0 _aSocial medicine
_vExaminations, questions, etc.
776 0 8 _iOnline version:
_aCampbell, Alastair V.
_tBioethics
_bSecond edition.
_dAbingdon, Oxon ; New York, NY : Routledge, 2017
_z9781315213293
_w(DLC) 2017000543
906 _a7
_bcbc
_corignew
_d1
_eecip
_f20
_gy-gencatlg
942 _2lcc
_cBK
999 _c20463
_d20462